000 00367nam a2200133Ia 4500
008 240624s9999 xx 000 0 und d
041 _aeng
082 _a658.4038 FIR
100 _aFIRESTONE JOSEPH M
245 _aKEY ISSUES IN THE NEW KNOWLEDGE MANAGEME
260 _c2003
_aLondon
_bButterworth Heinemann
300 _axxvii, : 350 : p. : cm. ; 23
365 _c
_b28
999 _c22369
_d22369